000 01729 a2200241 4500
001 45950
005 20260407155732.0
008 260407a1986 arg spa d
003 AR-UNSa-BCEJYS
040 _aAR-UNSa-BCEJYS
_bspa
_cAR-UNSa-BCEJYS
080 _a338.2
_xPolítica económica. Control de la economía. Gestión de la economía. Planificación económica
245 1 0 _aModelos macroeconómicos para los países en desarrollo
020 _a968-16-2404-1
264 1 _aMéxico :
_bFondo de Cultura Económica
_c1986
300 _a358 p.
_c23 cm.
505 _a1. Introducción y resumen – 2. Las cifras de la planeación nacional – 3. Proyecciones coherentes a corto plazo con el uso de datos rudimentarios – 4. Cambios de precios, efectos de ingreso y sorpresas de la política económica a corto plazo – 5. El margen de beneficio, los cambios inflacionarios de los precios y la distribución macroeconómica a corto plazo – 6. Modelos sencillos para planes a mediano plazo – 7. Dos modelos de planeación de precios flexibles en acción – 8. Dos modelos de desequilibrio con precios fijos – 9. Tres modelos con dinero y crédito, inflación y crecimiento – 10. Los modelos clásicos de distribución funcional del ingreso y el crecimiento de la producción – 11. La agricultura y la industria – 12. Cálculos de cantidades y precios por el insumo-producto – 13. Los precios de sombra y la evaluación de los proyectos de inversión -
041 _aspa
942 _cBK
590 _aniveau_biblio:m niveau_hierar:0
100 1 _aSuárez, Eduardo L.
700 1 _aTaylor, Lance
856 4 1 _uhttps://www.biblioeco.unsa.edu.ar/pmb/images/libros/L127237.jpg
_yImagen de portada
_qimage/jpeg
999 _c4079
_d4079